Batman Friends and Foes - Statistics

General Stats
  • This quiz has been taken 4,926 times
    4,541 since last reset
  • The average score is 22 of 34
Answer Stats
Hint Answer % Correct
Batman's most famous enemy. The Joker
100%
The secret identity of the original Batman. Bruce Wayne
98%
Villain that constantly leaves clues and puzzles for Batman. The Riddler
90%
Broke the Bat. Bane
87%
Plant-based supervillain. Poison Ivy
87%
Batman's loyal butler. Alfred Pennyworth
86%
Bird-based crime boss. The Penguin
86%
Villain who was once a district attorney and friend of Batman. Two-Face
86%
Villain whose theme is coldness. Mr. Freeze
85%
The original Batgirl; Paralyzed by a gunshot from the Joker. Barbara Gordon
84%
Villain that uses fear-based technology in his crimes. The Scarecrow
84%
Identity of the first Robin; he later became Nightwing, and even took up the mantle of Batman occasionally. Dick Grayson
81%
Gotham's most famous Commissioner. James Gordon
80%
Mixture of crocodile and human. Killer Croc
80%
Believes himself to be an Alice in Wonderland character. The Mad Hatter
78%
Mixture of bat and human. Man-Bat
77%
Batman #1 contained appearances by Hugo Strange, the Joker, and ____. The Cat/Catwoman
77%
Mother of Bruce's son; daughter of an important villain. Talia Al Ghul
71%
The Demon's Head. Ra's Al Ghul
69%
Has shapeshifting powers; there have been multiple incarnations of the villain, but the first was Basil Karlo. Clayface
65%
The 3rd Robin. Tim Drake
63%
Bruce Wayne's son. Damian Wayne
60%
Fans voted to have him killed off by the Joker in a controversial poll. Jason Todd
59%
The first alias of the Joker, and also of the 2nd Robin after his ressurrection. The Red Hood
59%
Superstrong zombie. Solomon Grundy
58%
Famous lab-coated villain who appeared in Detective Comics #36. Hugo Strange
51%
More recent supervillain who was once a childhood friend of Bruce; created by Jeph Loeb and Tim Sale. Hush
50%
Serial killer who cuts a tally mark into his body every time he murders someone. Victor Zsasz
45%
This burglar's actions began Bruce Wayne's transformation into Batman. Joe Chill
38%
The Bat-Hound. Ace
34%
Enemy obsessed with Greek Mythology. Maxie Zeus
26%
Took up the mantles of both Azrael and Batman at various times. Jean-Paul Valley
14%
Batman's first real supervillain. Dr. Death
9%
Bruce Wayne's first love interest. Julie Madison
5%
No matching quizzes found
Score Distribution
Percent of People with Each Score
Percentile by Number Answered
Your Score History
You have not taken this quiz since the last reset